000 00726nam a2200229Ia 4500
003 GCL
008 140319s9999 xx 000 0 ara d
040 _aGCL /
_cGCL
082 0 4 _a949.4
_bف م
100 1 _aفارنى، ديتر
245 1 0 _aموجز تاريخ سويسرا من البداية حتى يومنا هذا /
_cفارنى، ديتر
700 1 _aضياء الدين محمد بدر (مترجم)
260 _a[S.N] :
_bالمؤسسة الثقافية يروملفسيا ،
_c1991
300 _a112 ص
490 _a
650 0 4 _aالعصر الحديث
650 0 4 _aتاريخ
650 0 4 _aالاستقلال
650 0 4 _aسويسرا
650 0 4 _aالعصر الباكر
942 _2ddc
_cBK
999 _c30595
_d30595